000 00430nam a2200181Ia 4500
001 18771
005 20260306171655.0
008 260306s9999||||xx |||||||||||||| ||und||
041 _aESP
082 _a658.5
_bE76 2018
100 _aEscalante Vázquez, Edgardo J.,
_eAUT
245 0 _aSeis sigma. Metodología y técnicas
260 _c2018
300 _a
_c
650 _aGEN
654 _aCAN
942 _cLIB
_dJUS
_fJUS
_2ddc
_n
999 _c18771
_d18771